00794nam a22002417a 450000500170000001000130001702000220003003500130005203700160006504000120008108200160009310000330010924500540014226000480019627000200024430000240026450000410028865000240032965000320035394200250038599900190041095201230042920170124105950.0 aA-600968 c00.00a8185428212 aA-600968 bCen Lib/Ret aDPLbEN a280.61bFUE aFuellenbach, Fr. John913283 aTheology of liberation /cby Fr. John Fuellenbach aIndore bSatprakashan Sanchar Kendra c1992 bIndore e452001 aix, 231p.c19cm(Hb) aIncludes bibliographical references  aChristianity 93734 aTheology and wisdom 986482 2ddccENh280.61mFUE c125176d125176 00104070aLbLd2015-06-20eCen Lib/Retg0.00l0o280.61 FUEpA-600968r2015-06-20 00:00:00t1v0.00w2015-06-20yEN